| 000 | 00975nam a22002777a 4500 | ||
|---|---|---|---|
| 005 | 20100813115918.0 | ||
| 010 | _aENG-100318 | ||
| 020 |
_c200.00 _a9788170632740 |
||
| 020 |
_c200.00 _a8170632749 |
||
| 035 | _aEN-83850 | ||
| 037 | _bDBAD/PUB | ||
| 082 | _a506.254 | ||
| 100 |
_aSingh R.P. _912853 |
||
| 245 |
_aProfessional education in ancient and medieval India / _cby R.P. Singh |
||
| 250 | _a2nd ed. | ||
| 260 |
_aNew Delhi _bArya Book Depot _c2008 |
||
| 270 |
_aNew Delhi _b30,Naiwala, Karol Bagh _e110005 |
||
| 300 |
_aiii, 146p. _c22cm (Hb) |
||
| 500 | _aIncludes bibliogeaphical references and index | ||
| 650 |
_aProfessional education _912854 |
||
| 650 |
_aEducation ancient _912855 |
||
| 650 |
_aEducation medienal _912856 |
||
| 700 | _912606 | ||
| 942 |
_2ddc _cEN _h378.0130954 _mSIN |
||
| 999 |
_c41706 _d41706 |
||